Klasyfikacja króla strzelców Euro 2020 - Statystyki

Ogólne statystyki
  • Ten quiz został rozwiązany 129 razy
  • Średni wynik to 7 z 16
Statystyki odpowiedzi
# Zawodnik Bramki Asysty % Poprawnych
1. Cristiano Ronaldo 5 1
92%
9. Robert Lewandowski 3 0
88%
3. Harry Kane 4 0
84%
2. Patrik Schick 5 0
63%
7. Raheem Sterling 3 1
57%
3. Romelu Lukaku 4 0
56%
9. Alvaro Morata 3 0
53%
3. Karim Benzema 4 0
53%
3. Emil Forsberg 4 0
41%
9. Kasper Dolberg 3 0
34%
14. Memphis Depay 2 2
31%
9. Haris Seferovic 3 0
23%
9. Georginio Wijnaldum 3 0
22%
7. Xherdan Shaqiri 3 1
22%
14. Andriy Yarmolenko 2 2
21%
14. Pablo Sarabia 2 2
4%
Nie znaleziono quizów pasujących do podanych kryteriów
Rozkład punktacji
Procent ludzi z każdym wynikiem
Percentyl według liczby udzielonych odpowiedzi
Twoja historia wyników
Nie rozwiązałeś tego quizu